Danielle Rose Russell filmography - Statistics

General Stats
  • This quiz has been taken 8 times
  • The average score is 4 of 8
Answer Stats
Year Role TV/Movie Title % Correct
2018-present Hope Mikaelson Legacies
86%
2018 Hope Mikaelson The Originals
86%
2015 Grace Aloha
71%
2017 Miranda Wonder
57%
2014 Lucia A Walk Among the Tombstones
14%
2018 Joanie Williams Measure of a Man
14%
2016 Megan Pandemic
14%
2016-2017 Darla Miner The Last Tycoon
14%
No matching quizzes found
Score Distribution
Percent of People with Each Score
Percentile by Number Answered
Your Score History
You have not taken this quiz